Click - Mammal, Yes or No? - Statistics

General Stats
  • This quiz has been taken 122 times
  • The average score is 15 of 24
Answer Stats
Hint Explanation Answer % Correct
Pangolin The only mammal to be covered in scales Yes
80%
Echidna Egg-laying spiny anteater, native to Australia Yes
78%
Basilisk Iguana-like forest lizard from tropical North and South America No
77%
Narwhal Toothed whale that possesses a large tusk Yes
76%
Axolotl Salamander that retains larval features throughout its life No
75%
Aye-aye Nocturnal, long fingered, lemur from Madagascar Yes
74%
Fossa Cat-like carnivore and top predator native to Madagascar Yes
71%
Coelacanth Ancient lobe-finned fish, thought of as a 'living fossil' No
70%
Nudibranch Soft-bodied, marine gastropod known for its intricate patterns No
65%
Babirusa Indonesian wild-pig with prominent, curved, upper tusks Yes
64%
Tenrec Small, insectivorous mammal, native to Madagascar Yes
64%
Yapok Water opposum, native to central and south America Yes
64%
Lumpsucker Small ball-like fish with a sucker used to stick on to rocks No
63%
Gerenuk Slender, long-necked, antelope found in East Africa Yes
60%
Dickcissel Small bird from the prairies of the midwestern USA No
59%
Markhor Large, spiral-horned goat, national animal of Pakistan. Yes
58%
Giant wētā Giant flightless cricket, endemic to New Zealand No
56%
Colugo Tree-dwelling gliding mammal, native to Southeast Asia Yes
55%
Hoatzin Tropical bird found in the Amazon swamps and Orinoco basin No
51%
Mata mata Freshwater turtle found in South America No
51%
Jabiru Large stork found in wetlands in Central and South America. No
50%
Skink Small lizard, often with smooth scales and small or no legs No
50%
Smew Small migratory diving duck of northern Eurasia No
50%
Solenodon Venomous, nocturnal, burrowing, insectivorous mammal Yes
48%
No matching quizzes found
Score Distribution
Percent of People with Each Score
Percentile by Number Answered
Your Score History
You have not taken this quiz